Normal view
MARC view
- Nadeau, J. Paul
Entry Personal Name
001 - CONTROL NUMBER
- control field: 98450
003 - CONTROL NUMBER IDENTIFIER
- control field: NUST
005 - DATE AND TIME OF LATEST TRANSACTION
- control field: 20220824105217.0
008 - FIXED-LENGTH DATA ELEMENTS
- fixed length control field: 220824|| aca||aabn | a|a d
040 ## - CATALOGING SOURCE
- Original cataloging agency: NUST
- Transcribing agency: NUST
100 ## - HEADING--PERSONAL NAME
- Personal name: Nadeau, J. Paul
670 ## - SOURCE DATA FOUND
- Source citation: Work cat.: (NUST): Nadeau, J. Paul, Take control of your life : rescue yourself and live the life you deserve, 2018
